000 00696nas a2200265 4500
001 BR9207320
003 BR-BrBNA
005 20231205095017.0
007 ta
008 230509b bl.|||p| |||| 00| 00por d
040 _aBR-BrBNA
_bpor
_cBiblioteca Nacional de Agricultura
041 _a(Pt)
072 _aF01
100 1 _aAnon.
245 1 _aMaxixe, melancia, melao, melissa, menta [pratica cultural]
650 _aMaxixe
650 _aMelancia
650 _aMelao
650 _aMenta
650 _aPratica Cultural
650 _aPratico
773 0 _tGuia Rural (Brazil)
_x
_g(Dec 1991), p. 157-161
_wBR9207320
909 _a202311
_bLúcia
_c55
_dLúcia Elande
942 _2AGRIS
_n0
_cANA
999 _c148232
_d148232